[Event "GER-chT U20 Girls"]
[Site "Magdeburg"]
[Date "2023.12.27"]
[Round "2.5"]
[White "Neumeier, Valentina"]
[Black "Gyacsok, Dzvinka"]
[Result "1-0"]
[WhiteElo "1546"]
[BlackElo "1565"]
[PlyCount "55"]
[EventDate "2023.12.26"]
[EventType "team-swiss"]
[EventRounds "7"]
[EventCountry "GER"]
[SourceTitle "CB03_2024"]
[SourceDate "2024.01.17"]
[SourceVersion "1"]
[SourceVersionDate "2024.01.17"]
[SourceQuality "1"]
[WhiteTeam "Kelheim"]
[BlackTeam "Birkenfeld"]
[WhiteTeamCountry "GER"]
[BlackTeamCountry "GER"]

1. e4 e5 2. Nf3 Nc6 3. Bc4 Bc5 4. c3 Nf6 5. d3 d6 6. Nbd2 Be6 7. Bb5 0-0 8. 0-0 a6 9. Ba4 b5 10. Bc2 Bb6 11. Re1 Ng4 12. Re2 f5 13. h3 Nf6 14. exf5 Bxf5 15. Nf1 d5 16. Nxe5 Nxe5 17. Rxe5 Bg6 18. d4 Ne4 19. Bxe4 Bxe4 20. Ng3 Bg6 21. Bg5 Qd6 22. Be7 Qd7 23. Bxf8 Rxf8 24. Qe2 c6 25. Re1 c5 26. Re7 Qd8 27. Qe5 cxd4 28. Qxg7# 1-0

[Event "GER-ch U14 Girls"]
[Site "Willingen"]
[Date "2023.06.02"]
[Round "8"]
[White "Richter, Johanna"]
[Black "Neumeier, Valentina"]
[Result "1/2-1/2"]
[WhiteElo "1431"]
[BlackElo "1549"]
[PlyCount "117"]
[EventDate "2023.05.27"]
[EventType "swiss"]
[EventRounds "9"]
[EventCountry "GER"]
[SourceTitle "CBM 214 Extra"]
[Source "ChessBase"]
[SourceDate "2023.07.31"]
[SourceVersion "1"]
[SourceVersionDate "2023.07.31"]
[SourceQuality "1"]

1. d4 d5 2. c4 e6 3. Nc3 Nf6 4. cxd5 exd5 5. Bg5 Be7 6. e3 c6 7. Bd3 0-0 8. Qc2 h6 9. Bh4 Re8 10. Nf3 Nbd7 11. 0-0 Ne4 12. Bxe7 Qxe7 13. a3 a5 14. Rfc1 f5 15. Na4 b5 16. Qxc6 Nxf2 17. Qxd5+ Kh8 18. Bxb5 Qxe3 19. Rf1 Ng4+ 20. Kh1 Qe4 21. Nc3 Qxd5 22. Nxd5 Rb8 23. Nc3 Re3 24. Rae1 Ndf6 25. a4 Bd7 26. h3 Rxe1 27. Nxe1 Ne3 28. Rf3 Bxb5 29. Nxb5 Nfd5 30. Nd3 g5 31. b3 f4 32. g3 fxg3 33. Rxg3 Rc8 34. Nc5 Nf5 35. Rf3 Nxd4 36. Nxd4 Rxc5 37. Rf8+ Kh7 38. Rf7+ Kg6 39. Ra7 Nf4 40. Kh2 Rd5 41. Nb5 Rd3 42. Rxa5 Rxh3+ 43. Kg1 Rxb3 44. Nd4 Ra3 45. Ra8 h5 46. a5 g4 47. a6 Nd5 48. Nb5 Ra5 49. a7 Nb6 50. Rb8 Rxb5 51. Rxb6+ Rxb6 52. a8Q Rb1+ 53. Kf2 Rb2+ 54. Ke1 Kg5 55. Qd5+ Kh4 56. Qd8+ Kh3 57. Qf8 Rb1+ 58. Kd2 h4 59. Qa3+ 1/2-1/2

[Event "GER-ch U12 Girls"]
[Site "Willingen"]
[Date "2021.08.28"]
[Round "8"]
[White "Tran, Hanna Emilie Mai Ho"]
[Black "Neumeier, Valentina"]
[Result "0-1"]
[WhiteElo "1077"]
[BlackElo "1128"]
[PlyCount "90"]
[EventDate "2021.08.22"]
[EventType "swiss"]
[EventRounds "9"]
[EventCountry "GER"]
[SourceTitle "EXT 2022"]
[Source "ChessBase"]
[SourceDate "2021.10.06"]
[SourceVersion "1"]
[SourceVersionDate "2021.10.06"]
[SourceQuality "1"]

1. e4 e5 2. Nf3 Nc6 3. Bc4 Nf6 4. d3 h6 5. Be3 Bb4+ 6. Nbd2 d6 7. h3 0-0 8. 0-0 Be6 9. Bxe6 fxe6 10. c3 Ba5 11. b4 Bb6 12. a3 Bxe3 13. fxe3 d5 14. exd5 Nxd5 15. Qe1 Nxc3 16. Nc4 Qxd3 17. Ncxe5 Nxe5 18. Nxe5 Rxf1+ 19. Qxf1 Qxe3+ 20. Kh1 Qxe5 21. Re1 Qd6 22. Qf3 Nd5 23. Qg4 Re8 24. Qg6 Re7 25. Qe4 Qf4 26. Qg6 e5 27. Qd3 c6 28. Rf1 Qe3 29. Qf5 Nf6 30. Qc8+ Kf7 31. Qf5 Qg5 32. Qc2 e4 33. Qc4+ Qd5 34. Qe2 e3 35. Rf3 Qd2 36. Qc4+ Re6 37. Rg3 g5 38. Kg1 Qf2+ 39. Kh2 e2 40. Rf3 Qxf3 41. gxf3 e1Q 42. Kg2 Nd5 43. Qf1 Ne3+ 44. Kh2 Qxf1 45. Kg3 Qg2# 0-1

[Event "GER-ch U12 Girls"]
[Site "Willingen"]
[Date "2021.08.26"]
[Round "5"]
[White "Hoffmann, Svenja"]
[Black "Neumeier, Valentina"]
[Result "1-0"]
[WhiteElo "1307"]
[BlackElo "1128"]
[PlyCount "95"]
[EventDate "2021.08.22"]
[EventType "swiss"]
[EventRounds "9"]
[EventCountry "GER"]
[SourceTitle "EXT 2022"]
[Source "ChessBase"]
[SourceDate "2021.10.06"]
[SourceVersion "1"]
[SourceVersionDate "2021.10.06"]
[SourceQuality "1"]

1. e4 e5 2. Nf3 Nc6 3. c3 Nf6 4. d4 d6 5. Bb5 a6 6. dxe5 Nxe4 7. Bxc6+ bxc6 8. Qa4 Nc5 9. Qd1 Bg4 10. b4 Ne4 11. Qd3 d5 12. Nbd2 Nxd2 13. Bxd2 Bxf3 14. Qxf3 Be7 15. 0-0 0-0 16. Qg4 g6 17. e6 Qd6 18. Rfe1 fxe6 19. Rxe6 Qd8 20. Bh6 Rf6 21. Rae1 Qd7 22. Bg5 Rxe6 23. Rxe6 Bxg5 24. Rxg6+ hxg6 25. Qxd7 Rd8 26. Qxc7 d4 27. cxd4 Rxd4 28. g3 Rxb4 29. Qa5 Bd2 30. Qxa6 Rb1+ 31. Kg2 Rc1 32. Qc8+ Kf7 33. Qd7+ Kf6 34. Qxd2 Rc4 35. Qd3 Ra4 36. Qf3+ Ke7 37. Qxc6 Rxa2 38. Qxg6 Re2 39. h4 Re6 40. Qg5+ Kf7 41. h5 Rd6 42. h6 Rg6 43. Qf5+ Rf6 44. Qh5+ Rg6 45. h7 Kf6 46. h8Q+ Rg7 47. Qf8+ Rf7 48. Qfxf7# 1-0

[Event "GER-chT Christmas U20 Girls"]
[Site "Playchess.com INT"]
[Date "2020.12.29"]
[Round "2.3"]
[White "Muhina, Liana"]
[Black "Neumeier, Valentina"]
[Result "1-0"]
[WhiteElo "1273"]
[BlackElo "986"]
[PlyCount "55"]
[EventDate "2020.12.29"]
[EventType "team-swiss (blitz)"]
[EventRounds "7"]
[EventCountry "GER"]
[SourceTitle "CBM 200 Extra"]
[Source "ChessBase"]
[SourceDate "2021.03.31"]
[SourceVersion "1"]
[SourceVersionDate "2021.03.31"]
[SourceQuality "1"]
[WhiteTeam "Garching"]
[BlackTeam "Kelheim"]
[WhiteTeamCountry "GER"]
[BlackTeamCountry "GER"]

1. e4 e5 2. Nf3 Nc6 3. d4 d6 4. d5 Nce7 5. Nc3 Nf6 6. Bg5 Bg4 7. h3 Bh5 8. g4 Bg6 9. Bxf6 gxf6 10. h4 h5 11. Bh3 Bh6 12. g5 fxg5 13. hxg5 Bg7 14. Qe2 c6 15. 0-0-0 Qb6 16. Kb1 f5 17. gxf6 Bxf6 18. Rhg1 Rg8 19. Rg2 Bf7 20. Rxg8+ Bxg8 21. Rg1 cxd5 22. Nxd5 Bxd5 23. exd5 Qc5 24. Qd3 Qxf2 25. Qb5+ Kd8 26. Qxb7 Rc8 27. Bxc8 Nxc8 28. Rg8# 1-0